000 00583nam a2200181 i 4500
001 27142
003 ES-MaACL
005 20230906153552.0
007 t|
008 030113s1940 sp ||||1| spa d
100 1 _aAza, Vital,
_d1890-1961
_9170049
245 1 4 _aLos vómitos, los edemas y las hemorragias del embarazo
_b: estudio clínico /
_cDr. Vital Aza.
260 _aMadrid :
_bMorata,
_c1940 (
_fTall. Tip. Espasa-Calpe)
300 _a254 p. ;
_c25 cm.
650 4 _aEmbarazo-
_xComplicaciones.
_9151124
852 _aES-MaACL
_jE-820
_bR.18864
999 _c27142
_d27142